Statistics for Cities in Squares on a Map - Europe

Click here to take the quiz!

General Stats

  • This quiz has been taken 20,082 times
  • The average score is 33 of 66

Answers on the Map

Answers color-coded by a green-red scale on the quiz's map according to % correct below.
Loading ...
 

Answer Stats

Answer% Correct
London
98%
Madrid
96%
Rome
96%
Berlin
95%
Oslo
94%
Dublin
94%
Moscow
93%
Athens
91%
Barcelona
91%
Kiev
88%
Helsinki
88%
Warsaw
88%
Reykjavik
87%
Copenhagen
86%
Stockholm
84%
Prague
83%
Saint Petersburg
83%
Milan
80%
Glasgow
78%
Bucharest
77%
Amsterdam
76%
Munich
74%
Riga
73%
Vienna
73%
Minsk
72%
Hamburg
71%
Naples
68%
Birmingham
68%
Lyon
65%
Marseille
63%
Vilnius
55%
Kraków
53%
Cologne
52%
Seville
51%
Bergen
46%
Odessa
39%
Malaga
34%
Bristol
34%
Skopje
28%
Palma de Mallorca
26%
Nantes
26%
Aarhus
24%
Trondheim
23%
Murmansk
22%
Lviv
22%
Cagliari
20%
Zaragoza
20%
Sochi
20%
Sevastopol
20%
Heraklion
17%
Nizhny Novgorod
17%
Rostov
16%
Kharkiv
16%
Cluj-Napoca
16%
Oulu
15%
Vigo
12%
Varna
11%
Dnipro
10%
Arkhangelsk
10%
Veliky Novgorod
7%
Taranto
6%
Voronezh
5%
Jerez de la Frontera
4%
Petrozavodsk
2%
Ryazan
2%
Bryansk
2%

Score Distribution

Percentile by Number Answered

Percent of People with Each Score

Your Score History

You have not taken this quiz